000 00221nam a22000857a 4500
008 160702b xxu||||| |||| 00| 0 eng d
100 _91773
_a Dhawan, M.L
245 _aIssues in Indian Education
260 _aDelhi
_b Isha
_c2005
999 _c1477
_d1477